Normal view MARC view
  • Oaxaca

Entry Nombre Geográfico

Number of records used in: 13

001 - NÚMERO DE CONTROL

  • campo de control: 20506

003 - IDENTIFICADOR DE NUMERO DE CONTROL

  • campo de control: UPN

005 - FECHA Y HORA DE LA ÜLTIMA TRANSACCIÓN

  • campo de control: 20220606085910.0

008 - DATOS DE LONGITUD FIJA

  • campo de control de longitud fija: nabaccnnaabn|||||||||| b |nc|||||d

035 ## - NÚMERO DE CONTROL

  • Número de control: UPN10000020515

040 ## - FUENTE DE CATALOGACIÓN

  • Lenguaje de catalogación: spa
  • Agencia de transcripción: MX-MxUPN
  • Agencia de catalogación original: MX-MxUPN

053 #4 - NÚMERO DE CLASIFICACIÓN LC

  • Elemento de número de clasificación-número único o número de inicio de tramo: F1321

151 ## - ENCABEZAMIENTO - NOMBRE GEOGRÁFICO

  • Nombre geográfico: Oaxaca
  • Subdivisión general : Descripción y viajes

670 ## - FUENTE EN LA QUE SE LOCALIZARON DATOS

  • Cita de la fuente: E

902 ## - CATALOGADOR

  • Catalogador: CAA/120996